| 000 | 00679nam a2200205 a 4500 | ||
|---|---|---|---|
| 001 | 8205 | ||
| 003 | CO-ViMGA | ||
| 008 | 141112s2004 ck r 000 u spa d | ||
| 020 | _a95895726508 | ||
| 040 |
_aCO-ViMGA _bspa _cCO-ViMGA |
||
| 082 | 0 | 4 | _a370.9861 C11h1 |
| 100 | 1 |
_aCacua Prada, Antonio _97991 |
|
| 245 | 1 | 0 |
_aHistoria de la educación en Colombia / _cCacua Prada Antonio |
| 260 |
_aBogotá, _cAcademia Colombiana de Historia |
||
| 300 | _a337 p. | ||
| 490 | _aBiblioteca de historia nacional | ||
| 590 | _aForma de adquisición : donacion - - Proveedor : Luis Ángel Arango - - Ejemplares : 2 | ||
| 650 | 1 | 4 |
_aeducación - historia - colombia _97992 |
| 942 |
_2ddc _cBK |
||
| 999 |
_c20016 _d20016 |
||